[Event "SLO-ch U12"]
[Site "Murska Sobota"]
[Date "2007.02.27"]
[Round "4"]
[White "Majer, Jernej"]
[Black "Skvorc, Ziga"]
[Result "0-1"]
[WhiteElo "1500"]
[BlackElo "1522"]
[PlyCount "114"]
[EventDate "2007.02.25"]
[EventType "swiss"]
[EventRounds "9"]
[EventCountry "SLO"]
[SourceTitle "CBM 117 Extra"]
[Source "ChessBase"]
[SourceDate "2007.05.09"]
[SourceVersion "1"]
[SourceVersionDate "2007.05.09"]
[SourceQuality "1"]

1. e4 c5 2. Nf3 d6 3. Bb5+ Nc6 4. Nc3 Bd7 5. 0-0 Nf6 6. d3 e6 7. Qe2 Be7 8. a3 0-0 9. Be3 e5 10. Bc4 Ng4 11. Nd5 Be6 12. Nxe7+ Qxe7 13. Bb3 Nxe3 14. Qxe3 Bg4 15. h3 Bh5 16. c3 Na5 17. Bc2 c4 18. b4 Nb3 19. Rab1 Bxf3 20. Bxb3 cxb3 21. Qxf3 Qe6 22. d4 Qc4 23. Rfc1 exd4 24. cxd4 Qxd4 25. Rxb3 Rac8 26. Rxc8 Rxc8 27. Rd3 Rc1+ 28. Kh2 Qe5+ 29. g3 g6 30. Rd5 Qc3 31. Qxc3 Rxc3 32. Rxd6 Rxa3 33. Rd7 b6 34. Rd4 Ra2 35. Kg2 a5 36. e5 Rb2 37. bxa5 bxa5 38. Rd8+ Kg7 39. Ra8 Ra2 40. Kf3 a4 41. Ke3 a3 42. f4 Ra1 43. Kd3 Rg1 44. g4 Rg3+ 45. Kc2 Rxh3 46. Kb1 Rh4 47. Rxa3 Rxg4 48. Rf3 Kh6 49. Kc2 Kh5 50. Rh3+ Rh4 51. Rf3 Kg4 52. Rf1 Kf5 53. Kd3 Rxf4 54. Rh1 h5 55. Ra1 Kxe5 56. Ra5+ Kf6 57. Ke3 Rf5 0-1

[Event "SLO-ch U12"]
[Site "Murska Sobota"]
[Date "2007.02.27"]
[Round "5"]
[White "Petrovcic, Peter"]
[Black "Majer, Jernej"]
[Result "1/2-1/2"]
[WhiteElo "1500"]
[BlackElo "1500"]
[PlyCount "81"]
[EventDate "2007.02.25"]
[EventType "swiss"]
[EventRounds "9"]
[EventCountry "SLO"]
[SourceTitle "CBM 117 Extra"]
[Source "ChessBase"]
[SourceDate "2007.05.09"]
[SourceVersion "1"]
[SourceVersionDate "2007.05.09"]
[SourceQuality "1"]

1. e4 e5 2. Bc4 Nf6 3. Nf3 Nxe4 4. d3 Nc5 5. Nc3 Be7 6. Nxe5 0-0 7. 0-0 d6 8. Nf3 Nc6 9. d4 Nd7 10. Nd5 Nf6 11. Nxe7+ Qxe7 12. Bg5 h6 13. Bh4 Bg4 14. h3 Bh5 15. Be2 Rfe8 16. Re1 Bg6 17. Ba6 Qd7 18. Rxe8+ Rxe8 19. Bxb7 Rb8 20. Bxc6 Qxc6 21. Qc1 Nd7 22. c3 Be4 23. Qe3 Bxf3 24. Qxf3 Qxf3 25. gxf3 Rxb2 26. a4 Rc2 27. Ra3 Nb6 28. Bd8 Nc4 29. Rb3 Ra2 30. Rb4 Nd2 31. Bxc7 Nxf3+ 32. Kg2 Ne1+ 33. Kg3 d5 34. a5 Nd3 35. Rb8+ Kh7 36. f4 Ne1 37. Rd8 f5 38. h4 Rc2 39. Be5 Rxc3+ 40. Kh2 Nf3+ 41. Kh1 1/2-1/2

[Event "SLO-ch U12"]
[Site "Murska Sobota"]
[Date "2007.02.26"]
[Round "3"]
[White "Koscak, Jan"]
[Black "Majer, Jernej"]
[Result "1/2-1/2"]
[WhiteElo "1530"]
[BlackElo "1500"]
[PlyCount "38"]
[EventDate "2007.02.25"]
[EventType "swiss"]
[EventRounds "9"]
[EventCountry "SLO"]
[SourceTitle "CBM 117 Extra"]
[Source "ChessBase"]
[SourceDate "2007.05.09"]
[SourceVersion "1"]
[SourceVersionDate "2007.05.09"]
[SourceQuality "1"]

1. e4 e5 2. Nf3 Nc6 3. c3 Nf6 4. d4 exd4 5. e5 Ng4 6. cxd4 Bb4+ 7. Nc3 0-0 8. h3 Nxf2 9. Kxf2 Be7 10. Kg1 d6 11. Bf4 dxe5 12. dxe5 Bc5+ 13. Kh2 Qe7 14. Bd3 Rd8 15. Qe2 Nd4 16. Qe4 f5 17. Bc4+ Kh8 18. Qb1 Nxf3+ 19. gxf3 Qh4 1/2-1/2